Liḳuṭe tefilot /

Saved in:
Bibliographic Details
Main Author: Sternharz, Nathan, 1780-1845.
Format: Book
Language:Hebrew
Published: Betar ʻIlit : Even ha-shetiyah, 769 [2008 or 2009]
Edition:Mahad. ḥadashah ʻim hosafot.
Subjects:
Tags: Add Tag
No Tags, Be the first to tag this record!
LEADER 00814nam a22002537a 4500
001 012014385-2
005 20150721095908.0
008 090519s2008 wj 000 0 heb d
035 0 |a ocn475149540 
035 |a (IsJeAIW)wb2009359912 
040 |a IsJeAIW  |c IsJeAIW 
100 1 |a Sternharz, Nathan,  |d 1780-1845. 
245 1 0 |6 880-01  |a Liḳuṭe tefilot /  |c ...Natan ...mi-Braslav ; [meyusadim ʻal ... Liḳuṭe Moharan]. 
250 |a Mahad. ḥadashah ʻim hosafot. 
260 |a Betar ʻIlit :  |b Even ha-shetiyah,  |c 769 [2008 or 2009] 
300 |a 988 p. ;  |c 25 cm. 
600 0 0 |a Naḥman,  |c of Bratslav,  |d 1772-1811. 
650 0 |a Bratslav Hasidim. 
650 0 |a Hasidism. 
752 |a Israel  |d Betar ʻIlit. 
880 1 0 |6 245-01  |a לקוטי תפלות. 
988 |a 20090625 
098 0 6 |a Heb 42005.576 
906 |0 VEN